Yoga and meditational psychotherapy / (Record no. 164550)

MARC details
000 -LEADER
fixed length control field 00624nam a22001937a 4500
005 - DATE AND TIME OF LATEST TRANSACTION
control field 20190522161938.0
010 ## - LCCN (DPL NO)
LC control number ENG-125266
020 ## - INTERNATIONAL STANDARD BOOK NUMBER
International Standard Book Number 9788182204829
Terms of availability 900.00
035 ## - SYSTEM CONTROL NUMBER
System control number EN-108799
037 ## - SOURCE OF ACQUISITION
Source of stock number/acquisition DBAD/PUB
082 ## - DEWEY DECIMAL CLASSIFICATION NUMBER
Classification number 613.704
100 ## - MAIN ENTRY--PERSONAL NAME
Personal name Singh, N.K.
245 ## - TITLE STATEMENT
Title Yoga and meditational psychotherapy /
Statement of responsibility, etc by N.K.Singh
260 ## - PUBLICATION, DISTRIBUTION, ETC. (IMPRINT)
Place of publication, distribution, etc New Delhi
Name of publisher, distributor, etc Global Vision Publishers
Date of publication, distribution, etc 2013
270 ## - ADDRESS
Address F-4, 1st Floor, Hari Sadan , 20 Ansari Road, Daryaganj
City New Delhi
Postal code 110002
300 ## - PHYSICAL DESCRIPTION
Extent 267p.
Dimensions 22cm(Hb)
500 ## - GENERAL NOTE
General note Includes bibliographical references and index
942 ## - ADDED ENTRY ELEMENTS (KOHA)
Source of classification or shelving scheme Dewey Decimal Classification
Item type English Books
Classification part 613.704
Call number suffix SIN
Holdings
Withdrawn status Lost status Not for loan Collection code Home library Current library Date acquired Source of acquisition Cost, normal purchase price Full call number Barcode Copy number Cost, replacement price Koha item type
    Not For Loan Non-fiction D.B.Act.Division Central Library 22/05/2019 DBAD/PUB 695.00 363.706 ENV EN-108798 1 695.00 English Books

© Delhi Public Library
Hit Counter
free hit counter